Proces a výsledok mediácie podĺa zákona o mediácii

Prax v školách a školských zariadeniach čoraz viac prináša tému využitia mediácie podĺa zákona o mediácii aj v školskom prostredí. Súdne konania sú dlhé, náročné na psychiku a prežívanie účastníkov sporu a vnášajú do prostredia škôl nezdravú klímu. V školskom prostredí možno využívať mediáciu ako me...

Descrizione completa

Salvato in:
Dettagli Bibliografici
Autore principale: Tragalová, Dagmar
Natura: Capitolo di libro
Lingua:slovacco
Soggetti:
Tags: Aggiungi Tag
Nessun Tag, puoi essere il primo ad aggiungerne!!

MARC

LEADER 00000naa a2200000 4500
001 0295501
005 20240417075242.7
041 0 |a slo 
044 |a SK 
245 1 0 |a Proces a výsledok mediácie podĺa zákona o mediácii  |c Dagmar Tragalová 
520 |a Prax v školách a školských zariadeniach čoraz viac prináša tému využitia mediácie podĺa zákona o mediácii aj v školskom prostredí. Súdne konania sú dlhé, náročné na psychiku a prežívanie účastníkov sporu a vnášajú do prostredia škôl nezdravú klímu. V školskom prostredí možno využívať mediáciu ako metódu riešenia konfliktov, teda pracovať s využitím mediačných zručností, ale aj v rámci mediácie podľa zákona, ktorá má svoje jasné pravidlá. V príspevku sa venujeme procesu a výsledku mediácie podľa zákona o mediácii, opíšeme fázy mediačného procesu, ktoré pomôžu vedúcim pedagogickým zamestnancom získať predstavu o tomto spôsobe alternatívneho riešenia konfliktov. 
610 2 0 |a mediácia 
610 2 0 |a mediátori 
610 2 0 |a zákony 
610 2 0 |a konflikty 
610 2 0 |a školstvo 
100 1 |a Tragalová, Dagmar